00509nam a2200181 a 450000100060000000300090000600800410001502000150005604000280007108200140009910000180011324500460013126000290017730000110020649000360021765000330025365000410028619280CO-ViMGA141112s2004 ck r 000 u spa d a8420637823 aCO-ViMGAbspacCO-ViMGA04a780 K176i1 aKarolyi, Otto10aIntroducción a la música del siglo XX aMadrid : bAlianza; 2000 a373 p. aEl Libro de bolsillo : Música14aMUSICA - HISTORIA - SIGLO XX14aMUSICA - HISTORIA Y CULTURA SIGLO XX